书目信息 |
| 题名: |
功能食品加工技术
|
|
| 作者: | 车云波 主编 | |
| 分册: | ||
| 出版信息: | 北京 中国质检出版社 2013 |
|
| 页数: | 197页 | |
| 开本: | 26cm | |
| 丛书名: | ||
| 单 册: | ||
| 中图分类: | TS218 | |
| 科图分类: | ||
| 主题词: | 疗效食品--食品加工--高等职业教育--教材 , 疗效食品 , 食品加工 | |
| 电子资源: | ||
| ISBN: | 978-7-5026-3689-0 | |
| 000 | 00939nam0 2200253 450 | |
| 001 | 3451 | |
| 005 | 20160926090709.32 | |
| 010 | @a978-7-5026-3689-0@b平装@dCNY32.00 | |
| 100 | @a20130313d2013 em y0chiy50 ea | |
| 101 | 0 | @achi |
| 102 | @aCN@b110000 | |
| 105 | @ay z 000yy | |
| 200 | 1 | @a功能食品加工技术@b专著@f车云波主编@9gong neng shi pin jia gong ji shu |
| 210 | @a北京@c中国质检出版社@c中国标准出版社@d2013 | |
| 215 | @a197页@d26cm | |
| 300 | @a“十二五”高职高专院校规划教材(食品类) | |
| 330 | @a本书主要内容包括:功能食品的加工技术、活性多糖及其加工技术、活性多肽及其加工技术、功能性油脂及其加工技术、自由基清除剂加工技术、活性益生菌加工技术、活性微量元素加工技术、强化食品加工技术。 | |
| 606 | 0 | @a疗效食品@x食品加工@x高等职业教育@j教材 |
| 606 | 0 | @a疗效食品 |
| 606 | 0 | @a食品加工 |
| 690 | @aTS218@v5 | |
| 701 | 0 | @a车云波@4主编@9che yun bo |
| 801 | 0 | @aCN@b唐山师范学院图书馆@c20151001 |
| 905 | @aZUCC@dTS218@e216 | |
| 功能食品加工技术/车云波主编.-北京:中国质检出版社:中国标准出版社,2013 |
| 197页;26cm |
| “十二五”高职高专院校规划教材(食品类) |
| ISBN 978-7-5026-3689-0(平装):CNY32.00 |
| 本书主要内容包括:功能食品的加工技术、活性多糖及其加工技术、活性多肽及其加工技术、功能性油脂及其加工技术、自由基清除剂加工技术、活性益生菌加工技术、活性微量元素加工技术、强化食品加工技术。 |
| ● |
| 相关链接 |
|
|
|
|
正题名:功能食品加工技术
索取号:TS218/216
 
预约/预借
| 序号 | 登录号 | 条形码 | 馆藏地/架位号 | 状态 | 备注 |
| 1 | 905088 | 209050881 | 第二样本阅览室/ [索取号:TS218/216] | 在馆 | |
| 2 | 905089 | 209050890 | 密集书库-化学系/ [索取号:TS218/216] | 在馆 | |
| 3 | 905090 | 209050907 | 第三借阅区/ [索取号:TS218/216] | 在馆 | |
| 4 | 905091 | 209050916 | 第三借阅区/ [索取号:TS218/216] | 在馆 | |
| 5 | 905092 | 209050925 | 第三借阅区/ [索取号:TS218/216] | 在馆 |